Normal view MARC view
  • Roma

Entry Nombre Geográfico

Number of records used in: 1

001 - NÚMERO DE CONTROL

  • campo de control: 51006

003 - IDENTIFICADOR DE NUMERO DE CONTROL

  • campo de control: UPN

005 - FECHA Y HORA DE LA ÜLTIMA TRANSACCIÓN

  • campo de control: 20240212154359.0

008 - DATOS DE LONGITUD FIJA

  • campo de control de longitud fija: 240212|| aca||babn | a|a d

040 ## - FUENTE DE CATALOGACIÓN

  • Agencia de catalogación original: MX-MxUPN
  • Lenguaje de catalogación: spa

151 ## - ENCABEZAMIENTO - NOMBRE GEOGRÁFICO

  • Nombre geográfico: Roma
  • Subdivisión general : Historia
  • Subdivisión cronológica : 1420-1798
  • Subdivisión de forma: Drama

670 ## - FUENTE EN LA QUE SE LOCALIZARON DATOS

  • Cita de la fuente: Library of Congress, 12 de febrero de 2024:
  • Información localizada: (Rome (Italy)--History--1420-1798--Drama.)

902 ## - CATALOGADOR

  • Catalogador: MaríaRobles/120224